000 00589nam a22001817a 4500
003 OSt
005 20260311113805.0
082 _a631.3
_bATH/DE
088 _aP 656
100 _aATHIRA DINESH
_97926
100 _aGOPIKA O
_97927
100 _aAVANTHIKA SHAJI
_97928
245 _aDEVELOPMENT OF BLACK PEPPER HARVESTER
260 _aTavanur
_bDEPARTMENT OF FARM MACHINERY AND POWER ENGINEERING, KELAPPAJI COLLEGE OF AGRICULTURAL ENGINEERING AND FOOD TECHNOLOGY
_c2025
700 _aSANCHU SUKUMARAN
_94686
856 _uhttp://14.139.181.140:8080/jspui/handle/123456789/2201
942 _cPR
999 _c19631
_d19631